| 000 | 00828cam a22001814a 4500 | ||
|---|---|---|---|
| 005 | 20250605164402.0 | ||
| 008 | 250528s ||||||||||||||||||||||||d | ||
| 035 | _a24660 | ||
| 040 |
_aGR-AtMCL _bgre _dGR-AtMCL _eAACR2 |
||
| 245 | 1 | _aΙδιωτική Ασφάλιση Σημαίνει Κοινωνική Ευημερία | |
| 260 |
_bMorax Media S.A, _c2021 |
||
| 300 | _a72 | ||
| 520 | _aΤο Αποτύπωμα του Covid-19 στην Ασφαλιστική Αγορά, Οι Hackers Αυξάνουν τα Ασφάλιστρα, Τα Τρωτά στο Σχέδιο Υποχρεωτικής Αφάλισης, Σε Νέα Κανονικότητα η Ασφαλιστική Αγορά το 2021. | ||
| 700 | 1 |
_aΜωράκης Φίλιππος _99500 |
|
| 942 | _cCR | ||
| 999 |
_c9527 _d9527 |
||